000
00290nam a22001337a 4500
008
180123b xxu||||| |||| 00| 0 eng d
020
_a
9780131963160
041
_a
eng
080
_2
5 ED
_a
54
100
_a
15
101
_a
KIM
245
_a
ORGANIC CHEMISTRY
_c
PAULA.Y
942
_2
udc
_c
BK
999
_c
40787
_d
40787